Score 0/11 Timer 03:00
7 Plays Today
Question Answer % Correct
The highest or the lowest card in a suit, depending on the gameace
98.5%
The ship captained by James T. KirkEnterprise
83.7%
Unit of currency in the Bahamas and Australiadollar
74.2%
Tourist location in San Antonio where Pee Wee's bike is NOT in the basementAlamo
65.6%
Any player for the Washington, DC Major League Baseball teamNational
57.2%
Unit of frequency equal to one reciprocal secondHertz
52.6%
An estimate of income and expenditure for a set period of timebudget
50.7%
Short-lived Joss Whedon series starring Nathan Fillion and Morena BaccarinFirefly
48.6%
Chain of discount shoe stores promoted by Star JonesPayless
40.9%
In Latin, the word for bird which can follow 'rara' in a phraseavis
40.2%
Marked by good management of money or timethrifty
17.4%
Remove Ads.
Support Sporcle.
Get the best of Sporcle when you Go Orange. This ad-free experience offers more features, more stats, and more fun while also helping to support Sporcle. Thank you for becoming a member.

You're not logged in!

Compare scores with friends on all Sporcle quizzes.
OR
Log In

Show Comments

Extras

Top Quizzes Today


Score Distribution

Your Account Isn't Verified!

In order to create a playlist on Sporcle, you need to verify the email address you used during registration. Go to your Sporcle Settings to finish the process.

Report this User

Report this user for behavior that violates our Community Guidelines.

Details: